| 000 | 00854cam a2200217 i 4500 | ||
|---|---|---|---|
| 005 | 20260125092024.0 | ||
| 008 | 250721s2018 ua gr 000 0 ara d | ||
| 020 | _a9789776567818 | ||
| 082 | 1 | 4 |
_a345.02 _bم و س |
| 100 | 1 |
_aالموسوي، عودة يوسف سليمان _eمؤلف. |
|
| 245 | 1 | 0 |
_aجريمة استهداف إثارة الحرب الأهلية عبر وسائل الأعلام / _cالدكتور عودة يوسف سلمان الموسوي. |
| 250 | _aالطبعة الأولى. | ||
| 264 | 3 | 1 |
_aالقاهرة : _bالمركز العربي للنشر والتوزيع، _c2018. |
| 300 | _a482 صفحة. | ||
| 650 | 1 | 7 | _aالقانون الجنائي. |
| 650 | 1 | 7 | _aالجريمة. |
| 650 | 1 | 7 | _aالحرب الاهلية. |
| 650 | 1 | 7 | _aالإعلام. |
| 942 |
_2ddc _cBK |
||
| 999 |
_c141072 _d141072 |
||